Govt. of
Madhya Pradesh

Magbook भारतीय इतिहास (Record no. 67051)

MARC details
000 -LEADER
fixed length control field 00348nam a22001217a 4500
082 ## - DEWEY DECIMAL CLASSIFICATION NUMBER
Classification number 954
100 ## - MAIN ENTRY--AUTHOR NAME
Personal name पाण्डेय , मनोहर
245 ## - TITLE STATEMENT
Title Magbook भारतीय इतिहास
250 ## - EDITION STATEMENT
Edition statement 2 ND
260 ## - PUBLICATION, DISTRIBUTION, ETC. (IMPRINT)
Place of publication दिल्ली
Name of publisher अरिहंत
Year of publication 2024
650 ## - SUBJECT ADDED ENTRY--TOPICAL TERM
Topical Term इतिहास
942 ## - ADDED ENTRY ELEMENTS (KOHA)
Koha item type Competitive Books
Holdings
Withdrawn status Lost status Damaged status Not for loan Home library Current library Date acquired Full call number Accession Number Price effective from Koha item type
        MACL MACL 18/10/2024 954 DPI002253 18/10/2024 Competitive Books
        MACL MACL 18/10/2024 954 DPI002252 18/10/2024 Competitive Books